00331nam a2200121Ia 4500008004100000024001500041082001700056100001500073245003600088260002600124600002100150650003800171260210s9999 xx 000 0 und d a12B-130-BS a659.1072 HAS aHasan Amir 0aAdvertisement Management System aKarachi:bUITU,c2012 aComputer Science aBachelor of Computer Science (BS)